| 000 | 00836cab a2200193 4500 | ||
|---|---|---|---|
| 001 | ##L132906 | ||
| 008 | 060322n2006 000 0 eng u | ||
| 035 | _a(Sirsi) u132906 | ||
| 041 | 0 | _aeng | |
| 100 | 1 | _aReaney, Paul | |
| 245 | 0 | 0 | _aScotland takes control |
| 260 | _c2006 | ||
| 490 | 0 |
_aRICS Building Surveying Faculty The Journal _vMarch / April 2006, 12(1) |
|
| 520 | _aReports on the changes to the building control system introduced by the Building (Scotland) Act 2003. Looks at the responsibilities of the Scottish Building Standards Agency, the role of building standards verifiers, and that of certifiers of design and construction. Considers the opportunities for surveyors in the new process. | ||
| 590 | _aIKA280306 | ||
| 650 | 2 | 4 | _aBUILDING (SCOTLAND) ACT 2003 |
| 690 |
_aBuilding regulations _96224 |
||
| 942 | _n0 | ||
| 999 |
_c76683 _d76683 |
||